Online Catalogue and eLibrary

Passive nihilism : (Record no. 263)

MARC details
000 -LEADER
fixed length control field 00598pam a2200217 a 4500
001 - CONTROL NUMBER
control field 725370
005 - DATE AND TIME OF LATEST TRANSACTION
control field 20240202000828.0
008 - FIXED-LENGTH DATA ELEMENTS--GENERAL INFORMATION
fixed length control field 980313s1998 nyu b 001 0 eng
020 ## - INTERNATIONAL STANDARD BOOK NUMBER
ISBN 0333749111
040 ## - CATALOGING SOURCE (பட்டியலாக்க மூலம்)
Original cataloging agency DLC
Transcribing agency DLC
Modifying agency DLC
082 00 - DDC Classification
Class No. 306.
DDC Edition Number 21
Item Number - Author Mark PASS.
100 1# - MAIN ENTRY--PERSONAL NAME
Personal name Cohen, Sande.
245 10 - TITLE STATEMENT
Title Passive nihilism :
Remainder of title cultural historiography and the rhetorics of scholarship /
Statement of responsibility, etc. Sande Cohen.
250 ## - EDITION STATEMENT
Edition statement 1st ed.
260 ## - PUBLICATION, DISTRIBUTION, ETC.
Place of publication, distribution, etc. New York :
Name of publisher, distributor, etc. St. Martin's Press,
Date of publication, distribution, etc. 1998.
300 ## - PHYSICAL DESCRIPTION
Extent (e.g. Volumes, Pages etc.) 232 p. ;
650 #0 - SUBJECT ADDED ENTRY--TOPICAL TERM
Topical term or geographic name entry element Historiography.
650 #0 - SUBJECT ADDED ENTRY--TOPICAL TERM
Topical term or geographic name entry element Nihilism (Philosophy)
650 #0 - SUBJECT ADDED ENTRY--TOPICAL TERM
Topical term or geographic name entry element Rhetoric.
942 ## - Koha item type (Biblio)
Koha item type Books in Stacks (Lending)
Holdings
Lost status Damaged status Collection code Home library Current library Date acquired Full call number Accession Number Item type
    Lending WERC Library WERC Library 02/02/2024 306. PASS. 2895 Books in Stacks (Lending)

© WERC Library